00511nam a2200145 a 450000500170000000800410001702000180005805000230007610000190009924500530011826000390017130000230021052001200023365000120035320140412111250.0000818s19uu xx 00 eng d a0-590-95922-0 aTR(PS EbBi48 1995 aJenkins, Steve aBiggest, strongest, fastest /cby Steve Jenkins. aNew York :bScholastic Inc,c1995. a1 v. (unp.) ; ill. aWhat is the biggest animal in the world? the smallest? the strongest? You might be surprised at some of the answers aAnimals